Word Ladder: Canada's Capital Quiz Stats

 Plays Quiz Updated Apr 8, 2016

Challenge
Share
Tweet
Embed
Score 0/9 Timer 02:00
9 Plays Today
Clue 3-Letter Word % Correct
Wise birdOWL
91.2%
• First half of Canada's capital •🍁 OTT 🍁
91.1%
• Second half of Canada's capital •🍁 AWA 🍁
88.3%
Away from homeOUT
86.3%
Black goldOIL
85.6%
Hard-shelled fruitNUT
85.4%
Instrument for piercing holes in leatherAWL
85.1%
Nothing, zilch, zero, e. g.NIL
83.7%
Egg of a parasitic insectNIT
81.4%

Today's Daily Dose

You're not logged in!

Compare scores with friends on all Sporcle quizzes.
OR
Log In

You Might Also Like...

Show Comments

Extras

Top Quizzes Today


Score Distribution

Your Account Isn't Verified!

In order to create a playlist on Sporcle, you need to verify the email address you used during registration. Go to your Sporcle Settings to finish the process.

Report this User

Report this user for behavior that violates our Community Guidelines.

Details: